Биологические свойства промышленных железосодержащих наночастиц; Научная инициатива иностранных студентов и аспирантов российских вузов

Sonraí bibleagrafaíochta
Parent link:Научная инициатива иностранных студентов и аспирантов российских вузов.— 2020.— [С. 183-187]
Príomhchruthaitheoir: Нурила Сапар
Údar corparáideach: Национальный исследовательский Томский политехнический университет Инженерная школа новых производственных технологий Отделение материаловедения
Rannpháirtithe: Годымчук А. Ю. Анна Юрьевна (научный руководитель)
Achoimre:Заглавие с экрана
Teanga:Rúisis
Foilsithe / Cruthaithe: 2020
Sraith:Актуальные проблемы естественных наук
Ábhair:
Rochtain ar líne:http://earchive.tpu.ru/handle/11683/63683
Formáid: Leictreonach Caibidil leabhair
KOHA link:https://koha.lib.tpu.ru/cgi-bin/koha/opac-detail.pl?biblionumber=632147

MARC

LEADER 00000naa2a2200000 4500
001 632147
005 20231101133710.0
035 |a (RuTPU)RU\TPU\conf\33848 
035 |a RU\TPU\conf\33842 
090 |a 632147 
100 |a 20201015d2020 k y0rusy50 ca 
101 0 |a rus 
102 |a RU 
105 |a y z 101zy 
135 |a drgn ---uucaa 
181 0 |a i  
182 0 |a b 
200 1 |a Биологические свойства промышленных железосодержащих наночастиц  |f Нурила Сапар  |g науч. рук. А. Ю. Годымчук 
203 |a Текст  |c электронный 
225 1 |a Актуальные проблемы естественных наук 
230 |a 1 компьютерный файл (pdf; 276 Kb) 
300 |a Заглавие с экрана 
320 |a [Библиогр.: с. 186-187 (10 назв.)] 
463 0 |0 (RuTPU)RU\TPU\conf\33820  |t Научная инициатива иностранных студентов и аспирантов российских вузов  |o сборник докладов X Всероссийской научно-практической конференции, Томск, 22-24 апреля 2020 г.  |f Национальный исследовательский Томский политехнический университет (ТПУ)  |v [С. 183-187]  |d 2020 
610 1 |a электронный ресурс 
610 1 |a труды учёных ТПУ 
610 1 |a биологические свойства 
610 1 |a наночастицы 
610 1 |a оксид железа 
610 1 |a окружающая среда 
610 1 |a фитотоксичность 
700 0 |a Нурила Сапар 
702 1 |a Годымчук  |b А. Ю.  |c специалист в области нанотехнологий и наноматериалов  |c доцент Томского политехнического университета, кандидат технических наук  |f 1978-  |g Анна Юрьевна  |2 stltpush  |4 727 
712 0 2 |a Национальный исследовательский Томский политехнический университет  |b Инженерная школа новых производственных технологий  |b Отделение материаловедения  |h 7871  |2 stltpush  |3 (RuTPU)RU\TPU\col\23508 
801 2 |a RU  |b 63413507  |c 20201125  |g RCR 
856 4 |u http://earchive.tpu.ru/handle/11683/63683 
942 |c BK